000 00614nam a2200181Ia 4500
008 090124s9999 xx 000 0 und d
082 _b31400
_a3609
100 _aचिटणीस शुभा
245 _a यशस्विनी (व्यक्तिचित्रं)
250 _a1
260 _c2002
300 _a272
600 _aचिटणीस शुभा
630 _a यशस्विनी (व्यक्तिचित्रं)
700 _aचिटणीस शुभा
730 _a यशस्विनी (व्यक्तिचित्रं)
942 _cBOOK
999 _c144879
_d144879